| 000 | 00940cam a2200301 i 4500 | ||
|---|---|---|---|
| 999 |
_c150103 _d26934 |
||
| 001 | 150103 | ||
| 003 | TR-AnTOB | ||
| 005 | 20240110155304.0 | ||
| 007 | ta | ||
| 008 | 150401s2003 tu ao 000 0 tur d | ||
| 040 |
_aTR-AnTOB _beng _erda _cTR-AnTOB |
||
| 041 | _atur | ||
| 050 |
_aHF331.T9 _bB57 2004 |
||
| 090 |
_aHF331.T9 _bB57 2004 |
||
| 099 | _aTOBB BİR 2003 | ||
| 110 | 2 |
_aTürkiye Ticaret, Sanayi, Deniz Ticaret Odaları ve Ticaret Borsaları Birliği _9117931 |
|
| 245 | 1 | 0 | _aBirliğimize verilen ödüller ve taltifler. |
| 264 | 1 |
_aAnkara : _bTOBB, _c2003. |
|
| 300 |
_a40 pages : _bcolor illustrations, photographs ; _c27 cm |
||
| 336 |
_atext _btxt _2rdacontent |
||
| 337 |
_aunmediated _bn _2rdamedia |
||
| 338 |
_avolume _bnc _2rdacarrier |
||
| 650 | 0 |
_aTicaret odaları _zTürkiye _933091 |
|
| 650 | 7 |
_aÖdüller _zTürkiye _2etuturkob _965099 |
|
| 901 | _a022432,022431, TA01166. | ||
| 942 |
_2lcc _cBK |
||